Statistics for Minecraft Dungeons Locations

Click here to take the quiz!

General Stats

  • This quiz has been taken 60 times
  • The average score is 19 of 41

Answer Stats

AreaMissionDLC?% Correct
MainlandCreeper WoodsFree
88%
MainlandRedstone MinesFree
85%
MainlandDesert TempleFree
79%
MainlandSquid CoastFree
79%
MainlandObsidian PinnacleFree
76%
MainlandPumpkin PasturesFree
73%
MainlandSoggy SwampFree
73%
MainlandHighblock HallsFree
70%
Mainland*Creepy CryptFree
67%
MainlandFiery ForgeFree
67%
MainlandCacti CanyonFree
61%
Mainland*Arch HavenFree
58%
MainlandThe StrongholdDLC (Echoing Void)
58%
Mainland*UnderhallsFree
52%
Other DimensionsWarped ForestDLC (Flames of the Nether)
52%
Other Dimensions*Crimson ForestDLC (Flames of the Nether)
48%
Island RealmsDingy JungleDLC (Jungle Awakens)
48%
Mainland*Lower TempleFree
48%
Other Dimensions*Soul Sand ValleyDLC (Flames of the Nether)
48%
Mainland*Soggy CaveFree
45%
Island RealmsGauntlet of GalesFree (Howling Peaks)
42%
Other DimensionsNether WastesDLC (Flames of the Nether)
42%
Other DimensionsBasalt DeltasDLC (Flames of the Nether)
39%
Other Dimensions*Nether FortressDLC (Flames of the Nether)
39%
Island Realms*Panda PlateauDLC (Jungle Awakens)
39%
Other DimensionsBroken CitadelDLC (Echoing Void)
36%
Other DimensionsEnd WildsDLC (Echoing Void)
36%
Island RealmsGale SanctumDLC (Howling Peaks)
36%
Island RealmsFrosted FjordDLC (Creeping Winter)
33%
Island RealmsOvergrown TempleDLC (Jungle Awakens)
33%
Island RealmsWindswept PeaksDLC (Howling Peaks)
33%
Island Realms*Colossal RampartDLC (Howling Peaks)
30%
Island RealmsCoral RiseDLC (Hidden Depths)
30%
Island RealmsLone FortressDLC (Creeping Winter)
30%
Ancient HuntsWoodland MansionFree
30%
Island Realms*Radiant RavineDLC (Hidden Depths)
27%
Island RealmsAbyssal MonumentDLC (Hidden Depths)
24%
Island Realms*Lost SettlementDLC (Creeping Winter)
24%
Ancient HuntsSpider CaveFree
24%
Mainland*???Free
21%
Ancient HuntsWoodland PrisonFree
15%

Score Distribution

Percentile by Number Answered

Percent of People with Each Score

Your Score History

You have not taken this quiz